| 000 | 00494nam a2200169Ia 4500 | ||
|---|---|---|---|
| 008 | 090201s9999 xx 000 0 und d | ||
| 010 | _aKPL-41980 | ||
| 040 | _bमराठी | ||
| 041 | _aमराठी | ||
| 082 |
_a11270 _b41980 |
||
| 100 | _aरामचंद्र सडेकर | ||
| 245 |
_aआग _cरामचंद्र सडेकर |
||
| 260 |
_c2004 _bमनोरमा प्रकाशन |
||
| 300 |
_a488 _bमोठा |
||
| 600 | _aआग | ||
| 942 | _cBOOK | ||
| 999 |
_c211669 _d211669 |
||